Verejná správa časopis vlády pre štátnu správu a samosprávu

Salvato in:
Dettagli Bibliografici
Natura: Periodico
Lingua:slovacco
Pubblicazione: Bratislava Vláda Slovenskej republiky
Soggetti:
Tags: Aggiungi Tag
Nessun Tag, puoi essere il primo ad aggiungerne!!

MARC

LEADER 00000nas1a22000001 4500
001 s120033
005 20250721095506.3
022 |a 1335-7883 
041 0 |a slo 
044 |a SK 
245 1 0 |a Verejná správa  |b časopis vlády pre štátnu správu a samosprávu 
264 1 |a Bratislava  |b Vláda Slovenskej republiky 
500 |a Zmena podnázvu - do 31.12.1999: Dvojtýždenník vlády SR, do 31.12.2000: Revue pre miestnu štátnu správu a samosprávu 
610 2 0 |a správa verejná